Mass media research : (Record no. 21419)

MARC details
000 -LEADER
fixed length control field 01200cam a22003495i 4500
003 - CONTROL NUMBER IDENTIFIER
control field EG-ScBUE
005 - DATE AND TIME OF LATEST TRANSACTION
control field 20200224102341.0
008 - FIXED-LENGTH DATA ELEMENTS--GENERAL INFORMATION
fixed length control field 160315t20142014ii a f bd 001 0 eng d
020 ## - INTERNATIONAL STANDARD BOOK NUMBER
International Standard Book Number 9788131526286
020 ## - INTERNATIONAL STANDARD BOOK NUMBER
International Standard Book Number 8131526283
040 ## - CATALOGING SOURCE
Original cataloging agency EG-ScBUE
Language of cataloging eng
Description conventions rda
Transcribing agency EG-ScBUE
Modifying agency EG-ScBUE
082 04 - DEWEY DECIMAL CLASSIFICATION NUMBER
Classification number 302.23072
Item number WIM
Edition number 22
100 1# - MAIN ENTRY--PERSONAL NAME
Personal name Wimmer, Roger D.,
Relator term author.
9 (RLIN) 39558
245 10 - TITLE STATEMENT
Title Mass media research :
Remainder of title an introduction /
Statement of responsibility, etc Roger D. Wimmer, Wimmer Research, Joseph R. Dominick, University of Georgia.
250 ## - EDITION STATEMENT
Edition statement Tenth edition.
264 #1 - PUBLICATION, DISTRIBUTION, ETC. (IMPRINT)
Place of publication, distribution, etc Delhi :
Name of publisher, distributor, etc Wadsworth / Cengage Learning,
Date of publication, distribution, etc [2014]
264 #4 - PUBLICATION, DISTRIBUTION, ETC. (IMPRINT)
Date of publication, distribution, etc c2014
300 ## - PHYSICAL DESCRIPTION
Extent xiii, 481 pages :
Other physical details illustrations ;
Dimensions 24 cm.
336 ## - CONTENT TYPE
Content type term text
Content type code txt
Source rdacontent
337 ## - MEDIA TYPE
Media type term unmediated
Media type code n
Source rdamedia
338 ## - CARRIER TYPE
Carrier type term volume
Carrier type code nc
Source rdacarrier
490 0# - SERIES STATEMENT
Series statement Wadsworth series in mass communication and journalism
500 ## - GENERAL NOTE
General note Includes glossary.
504 ## - BIBLIOGRAPHY, ETC. NOTE
Bibliography, etc Includes bibliographical references and index.
650 #7 - SUBJECT ADDED ENTRY--TOPICAL TERM
Topical term or geographic name as entry element Mass media
General subdivision Research.
Source of heading or term BUEsh
9 (RLIN) 39559
651 ## - SUBJECT ADDED ENTRY--GEOGRAPHIC NAME
Source of heading or term BUEsh
653 ## - INDEX TERM--UNCONTROLLED
Resource For college Communication and mass media
Arrived date list March2016
653 ## - INDEX TERM--UNCONTROLLED
Arrived date list February2020
655 ## - INDEX TERM--GENRE/FORM
Form subdivision Reading book
9 (RLIN) 34232
700 1# - ADDED ENTRY--PERSONAL NAME
Personal name Dominick, Joseph R.,
Relator term author.
9 (RLIN) 30296
942 ## - ADDED ENTRY ELEMENTS (KOHA)
Source of classification or shelving scheme Dewey Decimal Classification
Koha item type Book - Borrowing
Holdings
Withdrawn status Lost status Source of classification or shelving scheme Damaged status Not for loan Collection code Home library Current library Shelving location Date acquired Source of acquisition Cost, normal purchase price Total Checkouts Total Renewals Full call number Barcode Date last seen Date checked out Cost, replacement price Price effective from Koha item type
    Dewey Decimal Classification     Baccah Central Library Central Library First floor 15/03/2016 Purchase 243.00 8 34 302.23072 WIM 000032047 15/07/2025 15/04/2021 292.50 15/03/2016 Book - Borrowing
    Dewey Decimal Classification     Baccah Central Library Central Library First floor 24/02/2020 Purchase       302.23072 WIM 000048772 15/07/2025     24/02/2020 NB - Book (Non borrowing)